[Event "418 Stay Safe Play From Home series"]
[Site "Emanuel Lasker Arena"]
[Date "2020.08.28"]
[Round "5"]
[White "Gokerkan"]
[Black "AChessPlayer"]
[Result "0-1"]
[WhiteElo "2579"]
[BlackElo "2348"]
[PlyCount "138"]
[EventDate "2020.08.28"]
[EventType "swiss (blitz)"]

1. e4 {[%emt 0:00:01]} c6 {[%emt 0:00:01]} 2. d4 {[%emt 0:00:01]} d5 {[%emt 0:00:01]} 3. e5 {[%emt 0:00:00]} Bf5 {[%emt 0:00:01]} 4. Nd2 {[%emt 0:00:01]} e6 {[%emt 0:00:01]} 5. Nb3 {[%emt 0:00:00]} Ne7 {[%emt 0:00:01]} 6. Nf3 {[%emt 0:00:01]} Bg4 {[%emt 0:00:01]} 7. Be2 {[%emt 0:00:01]} Nf5 {[%emt 0:00:02]} 8. O-O {[%emt 0:00:01]} Be7 {[%emt 0:00:01]} 9. h3 {[%emt 0:00:01]} Bxf3 {[%emt 0:00:00]} 10. Bxf3 {[%emt 0:00:00]} h5 {[%emt 0:00:00]} 11. Bxh5 {[%emt 0:00:02]} g6 {[%emt 0:00:01]} 12. Bg4 {[%emt 0:00:00]} b6 {[%emt 0:00:01]} 13. c4 {[%emt 0:00:01]} dxc4 {[%emt 0:00:01]} 14. Bxf5 {[%emt 0:00:00]} gxf5 {[%emt 0:00:01]} 15. Nd2 {[%emt 0:00:01]} Qd5 {[%emt 0:00:00]} 16. Qe2 {[%emt 0:00:01]} b5 {[%emt 0:00:01]} 17. b3 {[%emt 0:00:01]} c3 {[%emt 0:00:01]} 18. Nf3 {[%emt 0:00:01]} Rg8 {[%emt 0:00:02]} 19. Bf4 {[%emt 0:00:06]} Nd7 {[%emt 0:00:02]} 20. Rfc1 {[%emt 0:00:01]} b4 {[%emt 0:00:01]} 21. a3 {[%emt 0:00:00]} a5 {[%emt 0:00:03]} 22. axb4 {[%emt 0:00:01]} Bxb4 {[%emt 0:00:00]} 23. g3 {[%emt 0:00:04]} Qxb3 {[%emt 0:00:01]} 24. Ng5 {[%emt 0:00:04]} Qd5 {[%emt 0:00:01]} 25. Qh5 {[%emt 0:00:01]} Rf8 {[%emt 0:00:01]} 26. Be3 {[%emt 0:00:02]} Rb8 {[%emt 0:00:03]} 27. Rab1 {[%emt 0:00:02]} Be7 {[%emt 0:00:02]} 28. Rxb8+ {[%emt 0:00:02]} Nxb8 {[%emt 0:00:00]} 29. Rxc3 {[%emt 0:00:00]} Nd7 {[%emt 0:00:00]} 30. Nf3 {[%emt 0:00:02]} a4 {[%emt 0:00:01]} 31. Nd2 {[%emt 0:00:01]} a3 {[%emt 0:00:01]} 32. Rc1 {[%emt 0:00:00]} a2 {[%emt 0:00:01]} 33. Qd1 {[%emt 0:00:00]} Bb4 {[%emt 0:00:02]} 34. Nc4 {[%emt 0:00:03]} Rg8 {[%emt 0:00:02]} 35. Qb3 {[%emt 0:00:02]} c5 {[%emt 0:00:02]} 36. Nd6+ {[%emt 0:00:04]} Ke7 {[%emt 0:00:02]} 37. Qxd5 {[%emt 0:00:00]} exd5 {[%emt 0:00:00]} 38. Ra1 {[%emt 0:00:00]} Ra8 {[%emt 0:00:02]} 39. Nb5 {[%emt 0:00:01]} c4 {[%emt 0:00:01]} 40. Bc1 {[%emt 0:00:00]} Ra5 {[%emt 0:00:01]} 41. Na3 {[%emt 0:00:01]} Bxa3 {[%emt 0:00:01]} 42. Rxa2 {[%emt 0:00:00]} Bb4 {[%emt 0:00:00]} 43. Rxa5 {[%emt 0:00:00]} Bxa5 {[%emt 0:00:00]} 44. h4 {[%emt 0:00:00]} Ke6 {[%emt 0:00:00]} 45. Kg2 {[%emt 0:00:00]} Nf8 {[%emt 0:00:01]} 46. h5 {[%emt 0:00:00]} Nh7 {[%emt 0:00:00]} 47. Be3 {[%emt 0:00:00]} Bc3 {[%emt 0:00:00]} 48. f3 {[%emt 0:00:00]} Bb2 {[%emt 0:00:00]} 49. g4 {[%emt 0:00:00]} fxg4 {[%emt 0:00:00]} 50. fxg4 {[%emt 0:00:00]} c3 {[%emt 0:00:00]} 51. Kf2 {[%emt 0:00:00]} c2 {[%emt 0:00:00]} 52. Ke2 {[%emt 0:00:00]} c1=Q {[%emt 0:00:00]} 53. Bxc1 {[%emt 0:00:00]} Bxc1 {[%emt 0:00:00]} 54. Kf3 {[%emt 0:00:00]} Bg5 {[%emt 0:00:00]} 55. Kg3 {[%emt 0:00:00]} f6 {[%emt 0:00:00]} 56. Kf3 {[%emt 0:00:00]} fxe5 {[%emt 0:00:01]} 57. dxe5 {[%emt 0:00:00]} Kxe5 {[%emt 0:00:00]} 58. Ke2 {[%emt 0:00:00]} d4 {[%emt 0:00:00]} 59. Kd3 {[%emt 0:00:00]} Kd5 {[%emt 0:00:00]} 60. Ke2 {[%emt 0:00:01]} Ke4 {[%emt 0:00:00]} 61. Kd1 {[%emt 0:00:00]} d3 {[%emt 0:00:00]} 62. Ke1 {[%emt 0:00:00]} d2+ {[%emt 0:00:00]} 63. Kf1 {[%emt 0:00:00]} Kd3 {[%emt 0:00:00]} 64. Kf2 {[%emt 0:00:01]} Kc2 {[%emt 0:00:00]} 65. Kg3 {[%emt 0:00:00]} d1=Q {[%emt 0:00:00]} 66. Kh3 {[%emt 0:00:00]} Qf3+ {[%emt 0:00:01]} 67. Kh2 {[%emt 0:00:00]} Bf4+ {[%emt 0:00:00]} 68. Kg1 {[%emt 0:00:00]} Bg3 {[%emt 0:00:00]} 69. h6 {[%emt 0:00:02]} Qf2+ {[%emt 0:00:00] Time Time Time (Lag: Av=0.83s, max=2.0s) (Lag: Av=0.83s, max=2.0s) (Lag: Av=0.83s, max=2.0s)} 0-1

[Event "418 Stay Safe Play From Home series"]
[Site "Emanuel Lasker Arena"]
[Date "2020.08.28"]
[Round "5"]
[White "IceQueen"]
[Black "Fischer_11"]
[Result "1-0"]
[WhiteElo "2384"]
[BlackElo "2050"]
[Annotator "NA"]
[PlyCount "95"]
[EventDate "2020.08.28"]
[EventType "swiss (blitz)"]

1. e4 {[%emt 0:00:01]} Nf6 {[%emt 0:00:01]} 2. Nc3 {[%emt 0:00:00]} d5 {[%emt 0:00:01]} 3. exd5 {[%emt 0:00:00]} Nxd5 {[%emt 0:00:00]} 4. Nge2 {[%emt 0:00:00]} Bg4 {[%emt 0:00:02]} 5. h3 {[%emt 0:00:02]} Bf5 {[%emt 0:00:01]} 6. Nxd5 {[%emt 0:00:01]} Qxd5 {[%emt 0:00:01]} 7. Nc3 {[%emt 0:00:00]} Qe6+ {[%emt 0:00:02]} 8. Be2 {[%emt 0:00:02]} Nc6 {[%emt 0:00:01]} 9. O-O {[%emt 0:00:02]} O-O-O {[%emt 0:00:02]} 10. Bf3 {[%emt 0:00:01]} Nd4 {[%emt 0:00:02]} 11. d3 {[%emt 0:00:01]} Nxf3+ {[%emt 0:00:02]} 12. Qxf3 {[%emt 0:00:00]} Bg6 {[%emt 0:00:02]} 13. Be3 {[%emt 0:00:02]} f6 {[%emt 0:00:02]} 14. Bxa7 {[%emt 0:00:02]} Qd6 {[%emt 0:00:07]} 15. a4 {[%emt 0:00:04]} b6 {[%emt 0:00:02]} 16. a5 {[%emt 0:00:03]} e5 {[%emt 0:00:03]} 17. axb6 {[%emt 0:00:01]} cxb6 {[%emt 0:00:01]} 18. Qa8+ {[%emt 0:00:01]} Kd7 {[%emt 0:00:01]} 19. Qb7+ {[%emt 0:00:00]} Qc7 {[%emt 0:00:01]} 20. Qxc7+ {[%emt 0:00:02]} Kxc7 {[%emt 0:00:00]} 21. Na4 {[%emt 0:00:02]} Rd6 {[%emt 0:00:04]} 22. c4 {[%emt 0:00:02]} Kb7 {[%emt 0:00:01]} 23. c5 {[%emt 0:00:01]} Rxd3 {[%emt 0:00:02]} 24. Bxb6 {[%emt 0:00:02]} Kc6 {[%emt 0:00:07]} 25. Rfd1 {[%emt 0:00:01]} Be7 {[%emt 0:00:02]} 26. Rxd3 {[%emt 0:00:01]} Bxd3 {[%emt 0:00:00]} 27. Ra3 {[%emt 0:00:03]} Bb5 {[%emt 0:00:01]} 28. b3 {[%emt 0:00:04]} Bxa4 {[%emt 0:00:01]} 29. Rxa4 {[%emt 0:00:00]} Bxc5 {[%emt 0:00:02]} 30. Bxc5 {[%emt 0:00:00]} Kxc5 {[%emt 0:00:00]} 31. Ra7 {[%emt 0:00:00]} Rb8 {[%emt 0:00:02]} 32. Rxg7 {[%emt 0:00:01]} Rxb3 {[%emt 0:00:00]} 33. Rxh7 {[%emt 0:00:00]} f5 {[%emt 0:00:00]} 34. Rh5 {[%emt 0:00:01]} f4 {[%emt 0:00:02]} 35. Rxe5+ {[%emt 0:00:00]} Kd4 {[%emt 0:00:00]} 36. Re1 {[%emt 0:00:01]} Rb2 {[%emt 0:00:01]} 37. h4 {[%emt 0:00:01]} Kd5 {[%emt 0:00:00]} 38. Kh2 {[%emt 0:00:01]} Kd6 {[%emt 0:00:00]} 39. f3 {[%emt 0:00:02]} Rb7 {[%emt 0:00:00]} 40. Kh3 {[%emt 0:00:00]} Rh7 {[%emt 0:00:00]} 41. Re4 {[%emt 0:00:00]} Kd5 {[%emt 0:00:00]} 42. Rxf4 {[%emt 0:00:00]} Ke5 {[%emt 0:00:00]} 43. Rg4 {[%emt 0:00:00]} Kf5 {[%emt 0:00:00]} 44. g3 {[%emt 0:00:00]} Kf6 {[%emt 0:00:00]} 45. Rg5 {[%emt 0:00:00]} Kf7 {[%emt 0:00:00]} 46. f4 {[%emt 0:00:00]} Kf6 {[%emt 0:00:00]} 47. Kg4 {[%emt 0:00:00]} Kf7 {[%emt 0:00:00]} 48. Rf5+ {[%emt 0:00:00] Zeit Zeit Zeit (Lag: Av=0.44s, max=0.9s) (Lag: Av=0.44s, max=0.9s) (Lag: Av=0.44s, max=0.9s)} 1-0

[Event "418 Stay Safe Play From Home series"]
[Site "Emanuel Lasker Arena"]
[Date "2020.08.28"]
[Round "5"]
[White "Nguyen Hong Anh"]
[Black "Lazieri3"]
[Result "1-0"]
[WhiteElo "2235"]
[BlackElo "2058"]
[PlyCount "77"]
[EventDate "2020.08.28"]
[EventType "swiss (blitz)"]

1. d4 {[%emt 0:00:01]} c6 {[%emt 0:00:00]} 2. c4 {[%emt 0:00:02]} d5 {[%emt 0:00:00]} 3. Nf3 {[%emt 0:00:01]} Nf6 {[%emt 0:00:01]} 4. Qc2 {[%emt 0:00:00]} g6 {[%emt 0:00:02]} 5. g3 {[%emt 0:00:01]} Bf5 {[%emt 0:00:00]} 6. Qb3 {[%emt 0:00:01]} b6 {[%emt 0:00:01]} 7. cxd5 {[%emt 0:00:01]} Qxd5 {[%emt 0:00:01]} 8. Bg2 {[%emt 0:00:00]} Qxb3 {[%emt 0:00:01]} 9. axb3 {[%emt 0:00:01]} Bg7 {[%emt 0:00:00]} 10. O-O {[%emt 0:00:01]} Nbd7 {[%emt 0:00:01]} 11. Ne5 {[%emt 0:00:01]} Nxe5 {[%emt 0:00:01]} 12. dxe5 {[%emt 0:00:01]} Nd7 {[%emt 0:00:00]} 13. Bxc6 {[%emt 0:00:02]} Rc8 {[%emt 0:00:02]} 14. Bf3 {[%emt 0:00:01]} a5 {[%emt 0:00:02]} 15. Nc3 {[%emt 0:00:02]} Nxe5 {[%emt 0:00:01]} 16. Bg2 {[%emt 0:00:01]} O-O {[%emt 0:00:01]} 17. Nd5 {[%emt 0:00:01]} Rfe8 {[%emt 0:00:02]} 18. Nxb6 {[%emt 0:00:01]} Rb8 {[%emt 0:00:01]} 19. Nd5 {[%emt 0:00:01]} Rxb3 {[%emt 0:00:01]} 20. Rxa5 {[%emt 0:00:01]} Nc4 {[%emt 0:00:01]} 21. Ra7 {[%emt 0:00:01]} Bxb2 {[%emt 0:00:02]} 22. Nxe7+ {[%emt 0:00:01]} Kg7 {[%emt 0:00:06]} 23. Nxf5+ {[%emt 0:00:01]} gxf5 {[%emt 0:00:00]} 24. Bxb2+ {[%emt 0:00:01]} Rxb2 {[%emt 0:00:01]} 25. e3 {[%emt 0:00:00]} Rd8 {[%emt 0:00:04]} 26. Rc1 {[%emt 0:00:02]} Ne5 {[%emt 0:00:06]} 27. Ra5 {[%emt 0:00:01]} Nd3 {[%emt 0:00:03]} 28. Rf1 {[%emt 0:00:01]} Rc8 {[%emt 0:00:04]} 29. Rxf5 {[%emt 0:00:02]} Rcc2 {[%emt 0:00:01]} 30. Be4 {[%emt 0:00:01]} Nc5 {[%emt 0:00:04]} 31. Bxc2 {[%emt 0:00:01]} Rxc2 {[%emt 0:00:00]} 32. Rf4 {[%emt 0:00:02]} Nd3 {[%emt 0:00:01]} 33. Rd4 {[%emt 0:00:01]} Ne5 {[%emt 0:00:00]} 34. Rfd1 {[%emt 0:00:00]} f6 {[%emt 0:00:01]} 35. Kg2 {[%emt 0:00:01]} Kg6 {[%emt 0:00:01]} 36. Rf4 {[%emt 0:00:01]} h5 {[%emt 0:00:02]} 37. Rd6 {[%emt 0:00:00]} Ng4 {[%emt 0:00:02]} 38. h3 {[%emt 0:00:02]} Nxe3+ {[%emt 0:00:02]} 39. Kf3 {[%emt 0:00:02] Time Time Time (Lag: Av=0.79s, max=1.3s) (Lag: Av=0.79s, max=1.3s) (Lag: Av=0.79s, max=1.3s)} 1-0

[Event "418 Stay Safe Play From Home series"]
[Site "Emanuel Lasker Arena"]
[Date "2020.08.28"]
[Round "5"]
[White "Schachwerk_64"]
[Black "Yuriko"]
[Result "0-1"]
[WhiteElo "1986"]
[BlackElo "2020"]
[Annotator "NA"]
[PlyCount "146"]
[EventDate "2020.08.28"]
[EventType "swiss (blitz)"]

1. g3 {[%emt 0:00:01]} c5 {[%emt 0:00:00]} 2. Bg2 {[%emt 0:00:00]} d5 {[%emt 0:00:00]} 3. d3 {[%emt 0:00:00]} Nc6 {[%emt 0:00:00]} 4. Nd2 {[%emt 0:00:02]} d4 {[%emt 0:00:00]} 5. c4 {[%emt 0:00:00]} Nf6 {[%emt 0:00:00]} 6. a3 {[%emt 0:00:01]} e5 {[%emt 0:00:00]} 7. Rb1 {[%emt 0:00:00]} Bd6 {[%emt 0:00:00]} 8. Ngf3 {[%emt 0:00:01]} O-O {[%emt 0:00:00]} 9. O-O {[%emt 0:00:03]} a5 {[%emt 0:00:00]} 10. h4 {[%emt 0:00:01]} Re8 {[%emt 0:00:00]} 11. Nh2 {[%emt 0:00:01]} Bf5 {[%emt 0:00:01]} 12. e4 {[%emt 0:00:01]} dxe3 {[%emt 0:00:02]} 13. Ne4 {[%emt 0:00:02]} exf2+ {[%emt 0:00:02]} 14. Rxf2 {[%emt 0:00:01]} Nxe4 {[%emt 0:00:05]} 15. dxe4 {[%emt 0:00:00]} Be6 {[%emt 0:00:04]} 16. Bg5 {[%emt 0:00:00]} f6 {[%emt 0:00:01]} 17. Be3 {[%emt 0:00:01]} Bxc4 {[%emt 0:00:01]} 18. Rc1 {[%emt 0:00:02]} Bf7 {[%emt 0:00:01]} 19. Qc2 {[%emt 0:00:01]} b6 {[%emt 0:00:02]} 20. Qe2 {[%emt 0:00:01]} Nd4 {[%emt 0:00:00]} 21. Qg4 {[%emt 0:00:02]} Be6 {[%emt 0:00:01]} 22. Qh5 {[%emt 0:00:01]} Qe7 {[%emt 0:00:01]} 23. g4 {[%emt 0:00:01]} Bf7 {[%emt 0:00:01]} 24. Bxd4 {[%emt 0:00:02]} Bxh5 {[%emt 0:00:01]} 25. gxh5 {[%emt 0:00:01]} exd4 {[%emt 0:00:01]} 26. Ng4 {[%emt 0:00:04]} Bg3 {[%emt 0:00:01]} 27. Rf3 {[%emt 0:00:01]} Bxh4 {[%emt 0:00:00]} 28. Rh3 {[%emt 0:00:03]} Bg5 {[%emt 0:00:00]} 29. h6 {[%emt 0:00:00]} gxh6 {[%emt 0:00:01]} 30. Nxh6+ {[%emt 0:00:00]} Bxh6 {[%emt 0:00:00]} 31. Rxh6 {[%emt 0:00:01]} Qg7 {[%emt 0:00:00]} 32. Rh3 {[%emt 0:00:01]} Qg5 {[%emt 0:00:00]} 33. Kf2 {[%emt 0:00:00]} Kh8 {[%emt 0:00:02]} 34. Rch1 {[%emt 0:00:02]} Re7 {[%emt 0:00:00]} 35. Rg3 {[%emt 0:00:01]} Rg7 {[%emt 0:00:00]} 36. Rxg5 {[%emt 0:00:01]} Rxg5 {[%emt 0:00:00]} 37. Bf3 {[%emt 0:00:01]} Re5 {[%emt 0:00:01]} 38. Rh6 {[%emt 0:00:01]} Rf8 {[%emt 0:00:01]} 39. Rh4 {[%emt 0:00:01]} Kg7 {[%emt 0:00:00]} 40. Rf4 {[%emt 0:00:00]} Kg6 {[%emt 0:00:02]} 41. Bg4 {[%emt 0:00:01]} Rg5 {[%emt 0:00:01]} 42. Bf5+ {[%emt 0:00:01]} Kg7 {[%emt 0:00:00]} 43. Rh4 {[%emt 0:00:01]} h5 {[%emt 0:00:00]} 44. Rf4 {[%emt 0:00:01]} Kf7 {[%emt 0:00:01]} 45. Rh4 {[%emt 0:00:01]} Ke7 {[%emt 0:00:00]} 46. Kf3 {[%emt 0:00:00]} Rfg8 {[%emt 0:00:00]} 47. Kf4 {[%emt 0:00:00]} Rg3 {[%emt 0:00:01]} 48. Rxh5 {[%emt 0:00:01]} Rg2 {[%emt 0:00:01]} 49. Rh7+ {[%emt 0:00:01]} Kd8 {[%emt 0:00:02]} 50. Rd7+ {[%emt 0:00:00]} Ke8 {[%emt 0:00:01]} 51. Rb7 {[%emt 0:00:02]} Rxb2 {[%emt 0:00:01]} 52. Rb8+ {[%emt 0:00:01]} Kf7 {[%emt 0:00:01]} 53. Be6+ {[%emt 0:00:00]} Kxe6 {[%emt 0:00:00]} 54. Rxg8 {[%emt 0:00:00]} Rb3 {[%emt 0:00:00]} 55. Re8+ {[%emt 0:00:01]} Kf7 {[%emt 0:00:01]} 56. Rb8 {[%emt 0:00:00]} c4 {[%emt 0:00:01]} 57. Rb7+ {[%emt 0:00:00]} Ke6 {[%emt 0:00:01]} 58. Rc7 {[%emt 0:00:00]} c3 {[%emt 0:00:01]} 59. Rc4 {[%emt 0:00:01]} d3 {[%emt 0:00:00]} 60. Rc6+ {[%emt 0:00:01]} Ke7 {[%emt 0:00:01]} 61. Rc7+ {[%emt 0:00:00]} Kd6 {[%emt 0:00:01]} 62. Rc4 {[%emt 0:00:00]} d2 {[%emt 0:00:00]} 63. Rd4+ {[%emt 0:00:00]} Kc5 {[%emt 0:00:01]} 64. Rd5+ {[%emt 0:00:00]} Kc4 {[%emt 0:00:00]} 65. Rd3 {[%emt 0:00:00]} c2 {[%emt 0:00:00]} 66. Rd4+ {[%emt 0:00:00]} Kc3 {[%emt 0:00:01]} 67. Kf5 {[%emt 0:00:01]} Kxd4 {[%emt 0:00:00]} 68. Kxf6 {[%emt 0:00:01]} Kd3 {[%emt 0:00:00]} 69. e5 {[%emt 0:00:00]} d1=Q {[%emt 0:00:00]} 70. e6 {[%emt 0:00:00]} Qf3+ {[%emt 0:00:01]} 71. Ke7 {[%emt 0:00:00]} Kd4 {[%emt 0:00:00]} 72. a4 {[%emt 0:00:00]} Re3 {[%emt 0:00:00]} 73. Ke8 {[%emt 0:00:00]} Qe4 {[%emt 0:00:00] Zeit Zeit Zeit (Lag: Av=0.47s, max=0.9s) (Lag: Av=0.47s, max=0.9s) (Lag: Av=0.47s, max=0.9s) . . .} 0-1

[Event "418 Stay Safe Play From Home series"]
[Site "Emanuel Lasker Arena"]
[Date "2020.08.28"]
[Round "5"]
[White "Frido-BBB"]
[Black "W Nelles"]
[Result "1-0"]
[WhiteElo "1587"]
[BlackElo "1260"]
[Annotator "NA"]
[PlyCount "43"]
[EventDate "2020.08.28"]
[EventType "swiss (blitz)"]

1. e4 {[%emt 0:00:01]} e5 {[%emt 0:00:01]} 2. Nf3 {[%emt 0:00:02]} d6 {[%emt 0:00:02]} 3. Bc4 {[%emt 0:00:02]} Bg4 {[%emt 0:00:01]} 4. d4 {[%emt 0:00:01]} Bxf3 {[%emt 0:00:01]} 5. Qxf3 {[%emt 0:00:02]} Qf6 {[%emt 0:00:01]} 6. Qb3 {[%emt 0:00:04]} b6 {[%emt 0:00:04]} 7. Be3 {[%emt 0:00:06]} c5 {[%emt 0:00:04]} 8. dxe5 {[%emt 0:00:02]} Qxe5 {[%emt 0:00:05]} 9. Bd5 {[%emt 0:00:01]} Nd7 {[%emt 0:00:07]} 10. Bxa8 {[%emt 0:00:01]} Ngf6 {[%emt 0:00:02]} 11. Nc3 {[%emt 0:00:07]} Be7 {[%emt 0:00:05]} 12. Nd5 {[%emt 0:00:01]} Nxd5 {[%emt 0:00:01]} 13. Bxd5 {[%emt 0:00:01]} O-O {[%emt 0:00:02]} 14. O-O-O {[%emt 0:00:00]} Nf6 {[%emt 0:00:02]} 15. g3 {[%emt 0:00:01]} Nxe4 {[%emt 0:00:03]} 16. f4 {[%emt 0:00:03]} Qf5 {[%emt 0:00:07]} 17. Qd3 {[%emt 0:00:02]} g6 {[%emt 0:00:04]} 18. h3 {[%emt 0:00:03]} Nxg3 {[%emt 0:00:03]} 19. Rhg1 {[%emt 0:00:03]} Qxd3 {[%emt 0:00:02]} 20. Rxd3 {[%emt 0:00:02]} Ne2+ {[%emt 0:00:01]} 21. Kd2 {[%emt 0:00:02]} Nxg1 {[%emt 0:00:01]} 22. Bxg1 {[%emt 0:00:00] Zeit Zeit Zeit (Lag: Av=0.89s, max=3.3s) (Lag: Av=0.89s, max=3.3s) (Lag: Av=0.89s, max=3.3s)} 1-0

[Event "418 Stay Safe Play From Home series"]
[Site "Emanuel Lasker Arena"]
[Date "2020.08.28"]
[Round "5"]
[White "Klasman"]
[Black "TheCHESSHOUSE"]
[Result "0-1"]
[WhiteElo "1258"]
[BlackElo "2008"]
[Annotator "NA"]
[PlyCount "40"]
[EventDate "2020.08.28"]
[EventType "swiss (blitz)"]

1. f4 {[%emt 0:00:02]} d5 {[%emt 0:00:01]} 2. Nf3 {[%emt 0:00:02]} c6 {[%emt 0:00:00]} 3. e3 {[%emt 0:00:01]} Nf6 {[%emt 0:00:00]} 4. d4 {[%emt 0:00:01]} g6 {[%emt 0:00:00]} 5. c4 {[%emt 0:00:01]} Bg7 {[%emt 0:00:00]} 6. Nc3 {[%emt 0:00:01]} O-O {[%emt 0:00:01]} 7. Bd3 {[%emt 0:00:01]} Nbd7 {[%emt 0:00:02]} 8. Bd2 {[%emt 0:00:01]} b6 {[%emt 0:00:01]} 9. O-O {[%emt 0:00:01]} Bb7 {[%emt 0:00:00]} 10. Qc2 {[%emt 0:00:02]} Rc8 {[%emt 0:00:01]} 11. Ne5 {[%emt 0:00:01]} e6 {[%emt 0:00:04]} 12. cxd5 {[%emt 0:00:07]} c5 {[%emt 0:00:01]} 13. dxc5 {[%emt 0:00:02]} Nxc5 {[%emt 0:00:01]} 14. dxe6 {[%emt 0:00:03]} fxe6 {[%emt 0:00:01]} 15. Be2 {[%emt 0:00:08]} Nfe4 {[%emt 0:00:04]} 16. Be1 {[%emt 0:00:06]} Bxe5 {[%emt 0:00:04]} 17. fxe5 {[%emt 0:00:02]} Qg5 {[%emt 0:00:00]} 18. Bg3 {[%emt 0:00:03]} Qxe3+ {[%emt 0:00:01]} 19. Bf2 {[%emt 0:00:03]} Rxf2 {[%emt 0:00:04]} 20. Nd1 {[%emt 0:00:05]} Rxf1+ {[%emt 0:00:03] Time Time Time (Lag: Av=0.63s, max=1.1s) (Lag: Av=0.63s, max=1.1s) (Lag: Av=0.63s, max=1.1s)} 0-1

[Event "418 Stay Safe Play From Home series"]
[Site "Emanuel Lasker Arena"]
[Date "2020.08.28"]
[Round "6"]
[White "NTBT_DHS"]
[Black "Nguyen Hong Anh"]
[Result "1-0"]
[WhiteElo "2571"]
[BlackElo "2244"]
[PlyCount "63"]
[EventDate "2020.08.28"]
[EventType "swiss (blitz)"]

1. e4 {[%emt 0:00:01]} c5 {[%emt 0:00:01]} 2. Nf3 {[%emt 0:00:00]} Nc6 {[%emt 0:00:00]} 3. Bb5 {[%emt 0:00:01]} g6 {[%emt 0:00:01]} 4. O-O {[%emt 0:00:01]} Bg7 {[%emt 0:00:02]} 5. c3 {[%emt 0:00:00]} Nf6 {[%emt 0:00:01]} 6. e5 {[%emt 0:00:01]} Nd5 {[%emt 0:00:01]} 7. d4 {[%emt 0:00:00]} cxd4 {[%emt 0:00:01]} 8. cxd4 {[%emt 0:00:00]} O-O {[%emt 0:00:01]} 9. Nc3 {[%emt 0:00:01]} Nxc3 {[%emt 0:00:02]} 10. bxc3 {[%emt 0:00:00]} d6 {[%emt 0:00:00]} 11. exd6 {[%emt 0:00:03]} Qxd6 {[%emt 0:00:01]} 12. a4 {[%emt 0:00:00]} a6 {[%emt 0:00:01]} 13. Ba3 {[%emt 0:00:02]} Qc7 {[%emt 0:00:01]} 14. Bxc6 {[%emt 0:00:01]} Qxc6 {[%emt 0:00:01]} 15. Bxe7 {[%emt 0:00:02]} Re8 {[%emt 0:00:01]} 16. Bb4 {[%emt 0:00:01]} a5 {[%emt 0:00:02]} 17. d5 {[%emt 0:00:00]} Qc7 {[%emt 0:00:01]} 18. d6 {[%emt 0:00:01]} Qc6 {[%emt 0:00:01]} 19. Ba3 {[%emt 0:00:03]} Bg4 {[%emt 0:00:03]} 20. Nd4 {[%emt 0:00:03]} Bxd1 {[%emt 0:00:04]} 21. Nxc6 {[%emt 0:00:01]} Be2 {[%emt 0:00:01]} 22. Ne7+ {[%emt 0:00:01]} Kh8 {[%emt 0:00:02]} 23. Rfc1 {[%emt 0:00:03]} Bf6 {[%emt 0:00:02]} 24. Ra2 {[%emt 0:00:02]} Bc4 {[%emt 0:00:01]} 25. Rb2 {[%emt 0:00:00]} Rab8 {[%emt 0:00:02]} 26. Rb6 {[%emt 0:00:02]} Ba6 {[%emt 0:00:04]} 27. c4 {[%emt 0:00:02]} Bg5 {[%emt 0:00:01]} 28. Bb2+ {[%emt 0:00:02]} f6 {[%emt 0:00:02]} 29. f4 {[%emt 0:00:00]} Rxe7 {[%emt 0:00:07]} 30. dxe7 {[%emt 0:00:01]} Bxf4 {[%emt 0:00:01]} 31. Rxf6 {[%emt 0:00:02]} Bxc1 {[%emt 0:00:02]} 32. Rf8# {[%emt 0:00:01] (Lag: Av=0.64s, max=1.2s) (Lag: Av=0.64s, max=1.2s) (Lag: Av=0.64s, max=1.2s)} 1-0

[Event "418 Stay Safe Play From Home series"]
[Site "Emanuel Lasker Arena"]
[Date "2020.08.28"]
[Round "6"]
[White "IceQueen"]
[Black "Tran Minh Thang"]
[Result "0-1"]
[WhiteElo "2388"]
[BlackElo "2497"]
[PlyCount "104"]
[EventDate "2020.08.28"]
[EventType "swiss (blitz)"]

1. e4 {[%emt 0:00:01]} c5 {[%emt 0:00:01]} 2. Nc3 {[%emt 0:00:00]} a6 {[%emt 0:00:01]} 3. Nf3 {[%emt 0:00:00]} e6 {[%emt 0:00:00]} 4. a4 {[%emt 0:00:00]} Nc6 {[%emt 0:00:01]} 5. d4 {[%emt 0:00:00]} cxd4 {[%emt 0:00:00]} 6. Nxd4 {[%emt 0:00:00]} Bb4 {[%emt 0:00:00]} 7. Nxc6 {[%emt 0:00:02]} bxc6 {[%emt 0:00:01]} 8. Qd4 {[%emt 0:00:01]} Bxc3+ {[%emt 0:00:03]} 9. Qxc3 {[%emt 0:00:00]} Nf6 {[%emt 0:00:01]} 10. e5 {[%emt 0:00:02]} Nd5 {[%emt 0:00:01]} 11. Qg3 {[%emt 0:00:00]} Kf8 {[%emt 0:00:05]} 12. Bd3 {[%emt 0:00:01]} Bb7 {[%emt 0:00:04]} 13. O-O {[%emt 0:00:01]} c5 {[%emt 0:00:00]} 14. f4 {[%emt 0:00:01]} Qc7 {[%emt 0:00:03]} 15. f5 {[%emt 0:00:01]} c4 {[%emt 0:00:02]} 16. fxe6 {[%emt 0:00:02]} dxe6 {[%emt 0:00:02]} 17. Be4 {[%emt 0:00:01]} Ne7 {[%emt 0:00:04]} 18. Qf3 {[%emt 0:00:05]} Nd5 {[%emt 0:00:02]} 19. Bf4 {[%emt 0:00:07]} Rb8 {[%emt 0:00:05]} 20. Bg3 {[%emt 0:00:01]} Kg8 {[%emt 0:00:01]} 21. b3 {[%emt 0:00:02]} c3 {[%emt 0:00:01]} 22. Rad1 {[%emt 0:00:01]} Qe7 {[%emt 0:00:02]} 23. Rd4 {[%emt 0:00:03]} g6 {[%emt 0:00:01]} 24. Bxd5 {[%emt 0:00:04]} Bxd5 {[%emt 0:00:00]} 25. Rxd5 {[%emt 0:00:00]} exd5 {[%emt 0:00:00]} 26. e6 {[%emt 0:00:00]} Rf8 {[%emt 0:00:02]} 27. Be5 {[%emt 0:00:07]} f6 {[%emt 0:00:01]} 28. Bxf6 {[%emt 0:00:01]} Qxe6 {[%emt 0:00:00]} 29. Qxc3 {[%emt 0:00:02]} Rxf6 {[%emt 0:00:07]} 30. Rxf6 {[%emt 0:00:00]} Qe7 {[%emt 0:00:01]} 31. Qc6 {[%emt 0:00:02]} Kg7 {[%emt 0:00:01]} 32. Re6 {[%emt 0:00:00]} Qf7 {[%emt 0:00:00]} 33. Qxd5 {[%emt 0:00:01]} Rf8 {[%emt 0:00:00]} 34. Qe5+ {[%emt 0:00:03]} Kg8 {[%emt 0:00:00]} 35. h3 {[%emt 0:00:00]} Qf1+ {[%emt 0:00:00]} 36. Kh2 {[%emt 0:00:00]} Qf4+ {[%emt 0:00:00]} 37. Qxf4 {[%emt 0:00:00]} Rxf4 {[%emt 0:00:00]} 38. Re8+ {[%emt 0:00:00]} Kg7 {[%emt 0:00:00]} 39. Re2 {[%emt 0:00:00]} Kh6 {[%emt 0:00:00]} 40. Rd2 {[%emt 0:00:00]} Rd4 {[%emt 0:00:00]} 41. Rd3 {[%emt 0:00:00]} Re4 {[%emt 0:00:00]} 42. Rc3 {[%emt 0:00:01]} Re2 {[%emt 0:00:00]} 43. Rg3 {[%emt 0:00:00]} Re1 {[%emt 0:00:00]} 44. h4 {[%emt 0:00:00]} Kg7 {[%emt 0:00:00]} 45. Rh3 {[%emt 0:00:00]} h6 {[%emt 0:00:00]} 46. h5 {[%emt 0:00:00]} g5 {[%emt 0:00:00]} 47. Rg3 {[%emt 0:00:01]} Kf6 {[%emt 0:00:00]} 48. Kh3 {[%emt 0:00:00]} Kf5 {[%emt 0:00:00]} 49. Rf3+ {[%emt 0:00:00]} Ke4 {[%emt 0:00:00]} 50. Rf2 {[%emt 0:00:00]} Ke3 {[%emt 0:00:01]} 51. Kh2 {[%emt 0:00:00]} Kxf2 {[%emt 0:00:00]} 52. c4 {[%emt 0:00:01]} Rg1 {[%emt 0:00:00] Time Time Time (Lag: Av=0.67s, max=1.1s) (Lag: Av=0.67s, max=1.1s) (Lag: Av=0.67s, max=1.1s)} 0-1